Statistiques concernant Plus grands groupes asiatiques en France

Cliquez ici pour prendre le quiz!

Statistiques générales

  • Ce quiz a été pris 11 003 fois
  • Le résultat moyen est 8 sur 12

Statistiques - réponses

# de résidentsRéponse% Correct
108 500Chinois
99%
48 300Indien
87%
78 200Vietnamien
84%
250 500Turc
73%
30 500Pakistanais
72%
51 100Cambodgien
63%
41 900Syrien
60%
33 300Laotien
55%
30 800Afghan
52%
41 500Libanais
52%
34 500Arménien
43%
50 300Sri Lankais
31%

Distribution des résultats

Percentile par nombre de réponses

% des personnes avec chaque résultat

Votre développement - résultats

Vous n’avez pas pris ce quiz